<?xml version="1.0" encoding="UTF-8"?><?xml-stylesheet type="text/xsl" href="static/style.xsl"?><OAI-PMH xmlns="http://www.openarchives.org/OAI/2.0/" xmlns:xsi="http://www.w3.org/2001/XMLSchema-instance" xsi:schemaLocation="http://www.openarchives.org/OAI/2.0/ http://www.openarchives.org/OAI/2.0/OAI-PMH.xsd"><responseDate>2026-04-17T00:44:38Z</responseDate><request verb="GetRecord" identifier="oai:www.recercat.cat:20.500.14342/491" metadataPrefix="marc">https://recercat.cat/oai/request</request><GetRecord><record><header><identifier>oai:recercat.cat:20.500.14342/491</identifier><datestamp>2025-12-05T12:57:14Z</datestamp><setSpec>com_2072_482405</setSpec><setSpec>com_2072_183628</setSpec><setSpec>col_2072_482410</setSpec></header><metadata><record xmlns="http://www.loc.gov/MARC21/slim" xmlns:dcterms="http://purl.org/dc/terms/" xmlns:xsi="http://www.w3.org/2001/XMLSchema-instance" xmlns:doc="http://www.lyncode.com/xoai" xsi:schemaLocation="http://www.loc.gov/MARC21/slim http://www.loc.gov/standards/marcxml/schema/MARC21slim.xsd">
   <leader>00925njm 22002777a 4500</leader>
   <datafield ind2=" " ind1=" " tag="042">
      <subfield code="a">dc</subfield>
   </datafield>
   <datafield ind2=" " ind1=" " tag="720">
      <subfield code="a">Cuenca-Fontbona, Joan</subfield>
      <subfield code="e">author</subfield>
   </datafield>
   <datafield ind2=" " ind1=" " tag="720">
      <subfield code="a">Matilla, Kathy</subfield>
      <subfield code="e">author</subfield>
   </datafield>
   <datafield ind2=" " ind1=" " tag="720">
      <subfield code="a">Compte-Pujol, Marc</subfield>
      <subfield code="e">author</subfield>
   </datafield>
   <datafield ind2=" " ind1=" " tag="260">
      <subfield code="c">2020</subfield>
   </datafield>
   <datafield ind2=" " ind1=" " tag="520">
      <subfield code="a">El objetivo de este artículo es analizar el grado de madurez en la transformación digital de los departamentos de relaciones públicas y comunicación de las empresas de mayor facturación españolas asociadas a la Asociación de Directivos de Comunicación-Dircom, mediante el modelo de transformación digital de Westerman, Bonnet y McAfee (2012, 2014), basado en los vectores de liderazgo y capacidad digital. Para este cometido se cursó un cuestionario a sus máximos responsables de comunicación. Los resultados identifican que el 73,6% de los departamentos de comunicación de las empresas par-ticipantes están en un momento avanzado de esta transformación, condicionando cambios culturales al gobierno corporativo, la contratación de nuevos perfiles, la reorganización del trabajo y a focalizar las áreas donde cabe una mejora que maximice el retorno de los recursos invertidos. El 85% de estos departamentos tienen una visión integral de la comunicación digital, aunque reconocen que aún deben automatizar muchos de sus procesos.</subfield>
   </datafield>
   <datafield ind2=" " ind1=" " tag="520">
      <subfield code="a">The goal of this article is to analyze the degree of maturity in the digital transformation of the  public  relations  and  communication  departments  of  the  companies  with  the  highest  turnover  that  belong to the Spanish Association of Communication Directors-Dircom by applying the model for dig-ital  transformation  proposed  by  Westerman,  Bonnet  and  McAfee  (2012,  2014),  based  on  the  vectors  of leadership and digital capacity. For this purpose, a questionnaire was sent to those responsible for communication of this type of companies.Our results identify that 73.6% of the communication departments are at an advanced stage of thistransformation, conditioning cultural changes to corporate governance, the demand for new profiles, the reorganization of work, and focusing on areas where there is an improvement that maximizes the return of resources invested. 85% of these departments have an integral vision of digital communication, al-though they recognize that they must automate many of their processes.</subfield>
   </datafield>
   <datafield ind1="8" ind2=" " tag="024">
      <subfield code="a">http://hdl.handle.net/20.500.14342/491</subfield>
   </datafield>
   <datafield ind1="8" ind2=" " tag="024">
      <subfield code="a">https://doi.org/10.26441/RC19.1-2020-A5</subfield>
   </datafield>
   <datafield tag="653" ind2=" " ind1=" ">
      <subfield code="a">Comunicacions digitals</subfield>
   </datafield>
   <datafield tag="653" ind2=" " ind1=" ">
      <subfield code="a">Tecnologia de la informació</subfield>
   </datafield>
   <datafield tag="653" ind2=" " ind1=" ">
      <subfield code="a">Relacions públiques</subfield>
   </datafield>
   <datafield tag="653" ind2=" " ind1=" ">
      <subfield code="a">Empreses</subfield>
   </datafield>
   <datafield tag="653" ind2=" " ind1=" ">
      <subfield code="a">Espanya</subfield>
   </datafield>
   <datafield ind2="0" ind1="0" tag="245">
      <subfield code="a">Transformación digital de los departamentos de relaciones públicas y comunicación de una muestra de empresas españolas</subfield>
   </datafield>
</record></metadata></record></GetRecord></OAI-PMH>